Quản trị tài chính
Cung cấp các kĩ năng trong quản trị tài chính như đọc hiểu, phân tích báo cáo tài chính; dự báo tài chính và kế hoạch tiền mặt; quản lý tăng trưởng; công cụ và thị trường tài chính; quyết định huy động vốn; chiết khấu dòng tiền và thẩm...
Saved in:
| Main Author: | |
|---|---|
| Format: | Book |
| Language: | Undetermined |
| Published: |
Thành phố Hồ Chí Minh
Tổng hợp Thành phố Hồ Chí Minh
2013
|
| Subjects: | |
| Tags: |
Add Tag
No Tags, Be the first to tag this record!
|
| Institutions: | Trung tâm Học liệu Trường Đại học Cần Thơ |
|---|
| LEADER | 01194nam a2200217Ia 4500 | ||
|---|---|---|---|
| 001 | CTU_204186 | ||
| 008 | 210402s9999 xx 000 0 und d | ||
| 020 | |c 85000 | ||
| 082 | |a 658.15 | ||
| 082 | |b B312 | ||
| 100 | |a Nguyễn, Tấn Bình | ||
| 245 | 0 | |a Quản trị tài chính | |
| 245 | 0 | |c Nguyễn Tấn Bình (chủ biên), Nguyễn Trần Huy | |
| 260 | |a Thành phố Hồ Chí Minh | ||
| 260 | |b Tổng hợp Thành phố Hồ Chí Minh | ||
| 260 | |c 2013 | ||
| 520 | |a Cung cấp các kĩ năng trong quản trị tài chính như đọc hiểu, phân tích báo cáo tài chính; dự báo tài chính và kế hoạch tiền mặt; quản lý tăng trưởng; công cụ và thị trường tài chính; quyết định huy động vốn; chiết khấu dòng tiền và thẩm định dự án; phân tích rủi tro trong các quyết định đầu tư; giá trị doanh nghiệp và tài cấu trúc công ty | ||
| 650 | |a Finance,Tài chính | ||
| 650 | |x Management,Quản lý | ||
| 904 | |i Hải | ||
| 980 | |a Trung tâm Học liệu Trường Đại học Cần Thơ | ||